蒸気機関車を保有する鉄道事業者 - Statistics

General Stats
  • This quiz has been taken 22 times
  • The average score is 6 of 7
Answer Stats
保有数 Answer % Correct
5 西日本旅客鉄道
95%
4 東日本旅客鉄道
95%
1 九州旅客鉄道
95%
5 大井川鐵道
89%
2 北海道旅客鉄道
84%
1 秩父鉄道
74%
1 真岡鐵道
53%
No matching quizzes found
Score Distribution
Percent of People with Each Score
Percentile by Number Answered
Your Score History
You have not taken this quiz